|
|
|
|
| LEADER |
00000nab a2200000ua 4500 |
| 001 |
vtls010802846 |
| 003 |
SK-MaSNL |
| 005 |
20260304025149.0 |
| 008 |
230222s1964 xo |||||||||||||||||eng| |
| 035 |
|
|
|a (urnnbn)urn:nbn:sk:snk:ar-a02aq3
|
| 035 |
|
|
|a (uuid)b93a6594-2bf3-4bbb-8437-b90456119ea2
|
| 035 |
|
|
|a urn:nbn:sk:snk-ab4jev
|
| 040 |
|
|
|a SNKBUCL
|b slo
|c SNKBUCL
|e AACR2
|
| 041 |
0 |
|
|a eng
|
| 044 |
|
|
|a xo
|c SK
|
| 100 |
1 |
|
|a Przondo, A.-HESSEK
|4 aut
|9 1306647
|
| 245 |
1 |
0 |
|a ON THE STRUCTURE OF SOME BACTERIOPHAGES
|c A. Przondo-Hessek, M. Mulczyk, St. Ślopek, V. Bystrický, Vi. Drahoš
|
| 700 |
1 |
|
|a Mulczyk, M.
|4 aut
|9 1306648
|
| 700 |
1 |
|
|a Ślopek, Stefan
|4 aut
|9 1306649
|
| 700 |
1 |
|
|a Bystrický, Valerián,
|d 1936-2017
|4 aut
|9 162873
|
| 700 |
1 |
|
|a Drahoš, Viliam
|4 aut
|9 279521
|
| 773 |
0 |
|
|t Acta virologica
|g Roč. 8, č. 4 (1964), s. 369-[372f]
|
| 958 |
|
|
|a OND
|
| 958 |
|
|
|a EUIPO
|
| 958 |
|
|
|a article3
|
| 999 |
|
|
|c 2625712
|d 2627642
|